[Event "23rd ETCC Women 2021"]
[Site "Catez"]
[Date "2021.11.13"]
[Round "2.16"]
[White "Van Foreest, Machteld"]
[Black "Zhukova, Natalia"]
[Result "0-1"]
[WhiteElo "2141"]
[BlackElo "2331"]
[Annotator "ChessBase"]
[PlyCount "170"]
[EventDate "2021.11.08"]
[EventType "team-tourn"]
[EventCountry "SLO"]
[SourceTitle "playchess.com"]
[Source "ChessBase"]
[SourceQuality "1"]
[WhiteTeam "Netherlands"]
[BlackTeam "Ukraine"]
[WhiteTeamCountry "NED"]
[BlackTeamCountry "UKR"]
[TimeControl "40/5400+30:1800+30"]

1. e4 {[%emt 0:00:03]} e5 {[%emt 0:00:10]} 2. Nf3 {[%emt 0:00:11]} Nc6 {
[%emt 0:00:11]} 3. Bc4 {[%emt 0:00:12]} Nf6 {[%emt 0:00:19]} 4. Ng5 {[%emt 0:
02:11]} d5 {[%emt 0:00:16]} 5. exd5 {[%emt 0:00:06]} Na5 {[%emt 0:00:11]} 6.
Bb5+ {[%emt 0:00:02]} c6 {[%emt 0:00:15]} 7. dxc6 {[%emt 0:00:03]} bxc6 {
[%emt 0:00:07]} 8. Qf3 {[%emt 0:00:03]} Be7 {[%emt 0:08:07]} 9. Bd3 {[%emt 0:
00:40]} h6 {[%emt 0:06:37]} 10. Ne4 {[%emt 0:00:37]} Nd5 {[%emt 0:00:23]} 11.
Ng3 {[%emt 0:06:46]} g6 {[%emt 0:02:41]} 12. O-O {[%emt 0:11:03]} Nf4 {[%emt 0:
32:50]} 13. b4 {[%emt 0:14:33]} Nxd3 {[%emt 0:06:08]} 14. cxd3 {[%emt 0:01:05]}
Bxb4 {[%emt 0:10:41]} 15. Bb2 {[%emt 0:02:21]} Bd6 {[%emt 0:15:03]} 16. Ne4 {
[%emt 0:13:03]} Bc7 {[%emt 0:00:56]} 17. Nf6+ {[%emt 0:12:56]} Kf8 {[%emt 0:00:
07]} 18. Nc3 {[%emt 0:05:19]} Ba6 {[%emt 0:03:25]} 19. Nce4 {[%emt 0:09:21]}
Qxd3 {[%emt 0:07:13]} 20. Qxd3 {[%emt 0:11:09]} Bxd3 {[%emt 0:00:02]} 21. Rfe1
{[%emt 0:00:08]} Nc4 {[%emt 0:02:34]} 22. Bc3 {[%emt 0:00:27]} Kg7 {[%emt 0:00:
30]} 23. Nd7 {[%emt 0:03:20]} Rhd8 {[%emt 0:01:21]} 24. Nef6 {[%emt 0:02:33]}
Bf5 {[%emt 0:00:44]} 25. d3 {[%emt 0:00:56]} Ba5 {[%emt 0:01:10]} 26. Bxa5 {
[%emt 0:01:33]} Nxa5 {[%emt 0:00:02]} 27. Rxe5 {[%emt 0:00:04]} Bxd7 {[%emt 0:
01:18]} 28. Nxd7 {[%emt 0:00:01]} Rxd7 {[%emt 0:00:10]} 29. Rxa5 {[%emt 0:00:
03]} Rxd3 {[%emt 0:00:09]} 30. Re1 {[%emt 0:02:37]} Re8 {[%emt 0:01:09]} 31.
Kf1 {[%emt 0:01:26]} Rxe1+ {[%emt 0:00:07]} 32. Kxe1 {[%emt 0:00:02]} Rd7 {
[%emt 0:00:12]} 33. Rc5 {[%emt 0:00:39]} Rc7 {[%emt 0:00:04]} 34. Kd2 {[%emt 0:
00:23]} Kf6 {[%emt 0:00:02]} 35. Kd3 {[%emt 0:00:55]} Ke6 {[%emt 0:00:04]} 36.
Rc2 {[%emt 0:00:10]} Kd5 {[%emt 0:00:46]} 37. Kc3 {[%emt 0:00:09]} c5 {[%emt 0:
01:34]} 38. Rd2+ {[%emt 0:00:55]} Kc6 {[%emt 0:00:04]} 39. Kc4 {[%emt 0:00:30]}
Rb7 {[%emt 0:01:23]} 40. Re2 {[%emt 0:00:36]} Rd7 {[%emt 0:00:50]} 41. Rb2 {
[%emt 0:30:57]} Rd1 {[%emt 0:30:31]} 42. Re2 {[%emt 0:00:00]} Rc1+ {[%emt 0:00:
00]} 43. Kd3 {[%emt 0:00:00]} Rd1+ {[%emt 0:00:00]} 44. Kc4 {[%emt 0:00:00]}
Rd4+ {[%emt 0:00:00]} 45. Kc3 {[%emt 0:00:00]} a5 {[%emt 0:00:00]} 46. Re7 {
[%emt 0:00:00]} Rf4 {[%emt 0:00:00]} 47. f3 {[%emt 0:00:00]} h5 {[%emt 0:00:00]
} 48. Ra7 {[%emt 0:00:00]} Kb6 {[%emt 0:00:00]} 49. Ra8 {[%emt 0:00:00]} h4 {
[%emt 0:00:00]} 50. Rh8 {[%emt 0:00:00]} Kb5 {[%emt 0:00:00]} 51. Kb3 {[%emt 0:
00:00]} Kc6 {[%emt 0:03:25]} 52. Kc3 {[%emt 0:00:00]} Ra4 {[%emt 0:00:56]} 53.
Kb3 {[%emt 0:00:00]} Rb4+ {[%emt 0:00:02]} 54. Kc3 {[%emt 0:00:00]} Rf4 {
[%emt 0:00:58]} 55. Kb3 {[%emt 0:00:00]} Kd5 {[%emt 0:00:20]} 56. Kc3 {[%emt 0:
00:00]} Ra4 {[%emt 0:01:21]} 57. Kb3 {[%emt 0:00:00]} Rb4+ {[%emt 0:00:10]} 58.
Kc3 {[%emt 0:00:00]} Rd4 {[%emt 0:01:17]} 59. Rd8+ {[%emt 0:00:00]} Ke5 {
[%emt 0:00:01]} 60. Rc8 {[%emt 0:00:00]} Ra4 {[%emt 0:00:40]} 61. Kb3 {[%emt 0:
00:00]} Rb4+ {[%emt 0:00:05]} 62. Kc3 {[%emt 0:00:00]} Kd6 {[%emt 0:01:12]} 63.
Ra8 {[%emt 0:00:00]} a4 {[%emt 0:00:17]} 64. Ra6+ {[%emt 0:00:01]} Kd5 {
[%emt 0:00:24]} 65. g3 {[%emt 0:01:35]} h3 {[%emt 0:00:25]} 66. Ra8 {[%emt 0:
00:38]} Rb1 {[%emt 0:00:38]} 67. Rd8+ {[%emt 0:00:37]} Ke6 {[%emt 0:00:45]} 68.
Re8+ {[%emt 0:03:59]} Kd6 {[%emt 0:00:18]} 69. Rd8+ {[%emt 0:00:32]} Ke7 {
[%emt 0:00:07]} 70. Rh8 {[%emt 0:00:23]} Rf1 {[%emt 0:00:34]} 71. Rxh3 {
[%emt 0:00:45]} Rxf3+ {[%emt 0:00:05]} 72. Kc2 {[%emt 0:01:36]} Rf2+ {[%emt 0:
00:24]} 73. Kb1 {[%emt 0:00:03]} g5 {[%emt 0:01:32]} 74. Rh5 {[%emt 0:00:26]}
f6 {[%emt 0:00:33]} 75. h4 {[%emt 0:01:39]} g4 {[%emt 0:00:02]} 76. Rh7+ {
[%emt 0:01:37]} Ke6 {[%emt 0:00:10]} 77. Rg7 {[%emt 0:00:31]} f5 {[%emt 0:00:
09]} 78. Rg6+ {[%emt 0:01:20]} Ke5 {[%emt 0:00:13]} 79. Rc6 {[%emt 0:00:22]}
Kd4 {[%emt 0:00:34]} 80. Rd6+ {[%emt 0:01:01]} Kc3 {[%emt 0:00:17]} 81. Rd1 {
[%emt 0:00:02]} f4 {[%emt 0:02:03]} 82. Rc1+ {[%emt 0:01:21]} Kd4 {[%emt 0:00:
23]} 83. Rd1+ {[%emt 0:00:11]} Ke3 {[%emt 0:00:14]} 84. h5 {[%emt 0:00:47]}
fxg3 {[%emt 0:00:09]} 85. h6 {[%emt 0:00:04]} Rh2 {[%emt 0:00:18]} 0-1

[Event "23rd ETCC Women 2021"]
[Site "Catez"]
[Date "2021.11.13"]
[Round "2.17"]
[White "Cramling, Pia"]
[Black "Mammadzada, Gunay"]
[Result "0-1"]
[WhiteElo "2457"]
[BlackElo "2459"]
[Annotator "ChessBase"]
[PlyCount "80"]
[EventDate "2021.11.08"]
[EventType "team-tourn"]
[EventCountry "SLO"]
[SourceTitle "playchess.com"]
[Source "ChessBase"]
[SourceQuality "1"]
[WhiteTeam "Sweden"]
[BlackTeam "Azerbaijan"]
[WhiteTeamCountry "SWE"]
[BlackTeamCountry "AZE"]
[TimeControl "40/5400+30:1800+30"]

1. d4 {[%emt 0:00:04]} d5 {[%emt 0:00:07]} 2. c4 {[%emt 0:00:11]} c6 {[%emt 0:
00:14]} 3. Nf3 {[%emt 0:00:34]} Nf6 {[%emt 0:00:07]} 4. Nc3 {[%emt 0:00:14]} e6
{[%emt 0:00:12]} 5. e3 {[%emt 0:00:29]} Nbd7 {[%emt 0:00:58]} 6. Ne5 {[%emt 0:
00:53]} Bb4 {[%emt 0:15:30]} 7. Bd2 {[%emt 0:05:35]} O-O {[%emt 0:09:42]} 8. a3
{[%emt 0:15:25]} Bd6 {[%emt 0:21:12]} 9. f4 {[%emt 0:06:03]} c5 {[%emt 0:04:13]
} 10. cxd5 {[%emt 0:07:40]} exd5 {[%emt 0:07:11]} 11. Bd3 {[%emt 0:10:02]} cxd4
{[%emt 0:00:25]} 12. exd4 {[%emt 0:00:07]} Qb6 {[%emt 0:00:26]} 13. Nb5 {
[%emt 0:09:17]} Bb8 {[%emt 0:01:01]} 14. a4 {[%emt 0:10:50]} Ne4 {[%emt 0:04:
44]} 15. a5 {[%emt 0:04:51]} Qh6 {[%emt 0:08:04]} 16. Bxe4 {[%emt 0:00:27]}
dxe4 {[%emt 0:00:03]} 17. Qe2 {[%emt 0:00:53]} Qh4+ {[%emt 0:04:34]} 18. g3 {
[%emt 0:00:30]} Qd8 {[%emt 0:04:49]} 19. Nc3 {[%emt 0:09:26]} Nf6 {[%emt 0:04:
44]} 20. Be3 {[%emt 0:00:17]} Bh3 {[%emt 0:03:19]} 21. Kf2 {[%emt 0:03:54]} Qc8
{[%emt 0:02:25]} 22. Rhc1 {[%emt 0:00:32]} Qf5 {[%emt 0:02:09]} 23. Kg1 {
[%emt 0:00:30]} a6 {[%emt 0:00:15]} 24. Na4 {[%emt 0:02:52]} Bd6 {[%emt 0:01:
12]} 25. Nb6 {[%emt 0:03:53]} Rad8 {[%emt 0:00:27]} 26. Ra4 {[%emt 0:00:13]}
Qe6 {[%emt 0:03:06]} 27. Rac4 {[%emt 0:02:19]} Nd5 {[%emt 0:00:40]} 28. Nxd5 {
[%emt 0:01:41]} Qxd5 {[%emt 0:00:37]} 29. Bf2 {[%emt 0:03:05]} f6 {[%emt 0:02:
02]} 30. Ng4 {[%emt 0:00:05]} Bxg4 {[%emt 0:00:17]} 31. Qxg4 {[%emt 0:00:03]}
f5 {[%emt 0:00:11]} 32. Qd1 {[%emt 0:00:17]} Qxa5 {[%emt 0:00:57]} 33. d5 {
[%emt 0:01:35]} Qb5 {[%emt 0:00:26]} 34. b3 {[%emt 0:00:23]} Ba3 {[%emt 0:00:
14]} 35. R1c2 {[%emt 0:02:09]} Rxd5 {[%emt 0:00:54]} 36. Qa1 {[%emt 0:00:26]}
Be7 {[%emt 0:00:31]} 37. Bd4 {[%emt 0:00:09]} Rfd8 {[%emt 0:00:20]} 38. Rc8 {
[%emt 0:00:26]} Bf8 {[%emt 0:00:34]} 39. Rxd8 {[%emt 0:00:59]} Rxd8 {[%emt 0:
00:01]} 40. Rc7 {[%emt 0:00:32]} Qxb3 {[%emt 0:01:02]} 0-1

[Event "23rd ETCC Women 2021"]
[Site "Catez"]
[Date "2021.11.13"]
[Round "2.18"]
[White "Mammadova, Gulnar"]
[Black "Agrest, Inna"]
[Result "1-0"]
[WhiteElo "2395"]
[BlackElo "2258"]
[Annotator "ChessBase"]
[PlyCount "173"]
[EventDate "2021.11.08"]
[EventType "team-tourn"]
[EventCountry "SLO"]
[SourceTitle "playchess.com"]
[Source "ChessBase"]
[SourceQuality "1"]
[WhiteTeam "Azerbaijan"]
[BlackTeam "Sweden"]
[WhiteTeamCountry "AZE"]
[BlackTeamCountry "SWE"]
[TimeControl "40/5400+30:1800+30"]

1. e4 {[%emt 0:00:03]} e5 {[%emt 0:00:06]} 2. Nf3 {[%emt 0:00:26]} Nc6 {
[%emt 0:00:08]} 3. d4 {[%emt 0:00:04]} exd4 {[%emt 0:00:12]} 4. Nxd4 {[%emt 0:
00:05]} Nf6 {[%emt 0:00:08]} 5. Nxc6 {[%emt 0:00:11]} bxc6 {[%emt 0:00:13]} 6.
e5 {[%emt 0:00:09]} Qe7 {[%emt 0:00:25]} 7. Qe2 {[%emt 0:00:08]} Nd5 {[%emt 0:
00:18]} 8. c4 {[%emt 0:00:14]} Ba6 {[%emt 0:01:10]} 9. b3 {[%emt 0:00:38]} Qh4
{[%emt 0:03:41]} 10. a3 {[%emt 0:01:22]} Nf4 {[%emt 0:02:14]} 11. Qe4 {[%emt 0:
01:23]} Ng6 {[%emt 0:00:56]} 12. Qxh4 {[%emt 0:00:05]} Nxh4 {[%emt 0:00:03]}
13. Kd1 {[%emt 0:08:28]} Be7 {[%emt 0:17:46]} 14. g3 {[%emt 0:08:03]} Ng6 {
[%emt 0:03:21]} 15. Bb2 {[%emt 0:00:59]} O-O {[%emt 0:01:39]} 16. f4 {[%emt 0:
02:09]} d6 {[%emt 0:07:47]} 17. Bg2 {[%emt 0:04:05]} Rab8 {[%emt 0:05:01]} 18.
Kc2 {[%emt 0:01:53]} Bc8 {[%emt 0:03:42]} 19. Nd2 {[%emt 0:04:57]} dxe5 {
[%emt 0:12:07]} 20. fxe5 {[%emt 0:03:00]} Bf5+ {[%emt 0:00:19]} 21. Be4 {
[%emt 0:01:40]} Bxe4+ {[%emt 0:00:29]} 22. Nxe4 {[%emt 0:00:02]} Rfe8 {[%emt 0:
00:25]} 23. Rhe1 {[%emt 0:03:04]} Rbd8 {[%emt 0:03:37]} 24. Nd2 {[%emt 0:06:50]
} Nf8 {[%emt 0:05:58]} 25. b4 {[%emt 0:05:19]} Ne6 {[%emt 0:02:34]} 26. c5 {
[%emt 0:04:11]} h5 {[%emt 0:08:44]} 27. Nb3 {[%emt 0:02:52]} Rd5 {[%emt 0:01:
05]} 28. Bc3 {[%emt 0:03:19]} h4 {[%emt 0:06:11]} 29. Na5 {[%emt 0:01:09]} Nd8
{[%emt 0:00:28]} 30. gxh4 {[%emt 0:02:24]} Bxh4 {[%emt 0:00:52]} 31. Re4 {
[%emt 0:00:18]} Bg5 {[%emt 0:00:55]} 32. h4 {[%emt 0:05:07]} f5 {[%emt 0:03:32]
} 33. Rc4 {[%emt 0:03:04]} Be3 {[%emt 0:00:15]} 34. Rf1 {[%emt 0:01:34]} f4 {
[%emt 0:02:20]} 35. Re4 {[%emt 0:01:09]} Re6 {[%emt 0:01:56]} 36. Nc4 {[%emt 0:
02:49]} Rg6 {[%emt 0:00:48]} 37. Nxe3 {[%emt 0:02:45]} fxe3 {[%emt 0:00:04]}
38. Rxe3 {[%emt 0:01:15]} Rg2+ {[%emt 0:01:32]} 39. Kb3 {[%emt 0:00:17]} Ne6 {
[%emt 0:00:13]} 40. h5 {[%emt 0:05:33]} Rh2 {[%emt 0:02:10]} 41. Rf5 {[%emt 0:
31:15]} a5 {[%emt 0:10:46]} 42. Rg3 {[%emt 0:00:00]} axb4 {[%emt 0:02:41]} 43.
axb4 {[%emt 0:00:00]} Kh7 {[%emt 0:03:50]} 44. Ka3 {[%emt 0:00:00]} Rd8 {
[%emt 0:04:49]} 45. Kb3 {[%emt 0:00:00]} Rd7 {[%emt 0:05:02]} 46. Rgf3 {
[%emt 0:00:00]} Kg8 {[%emt 0:02:04]} 47. Rg3 {[%emt 0:00:00]} Kh7 {[%emt 0:00:
13]} 48. Re3 {[%emt 0:00:00]} Kg8 {[%emt 0:02:10]} 49. Rf1 {[%emt 0:03:05]}
Rxh5 {[%emt 0:02:44]} 50. Ra1 {[%emt 0:00:08]} Rh6 {[%emt 0:01:55]} 51. Ra6 {
[%emt 0:00:49]} Kf7 {[%emt 0:00:22]} 52. Ka3 {[%emt 0:03:07]} Nd8 {[%emt 0:01:
35]} 53. Rg3 {[%emt 0:01:27]} Ke8 {[%emt 0:01:42]} 54. Ka4 {[%emt 0:01:38]} Nb7
{[%emt 0:01:36]} 55. Ra8+ {[%emt 0:01:46]} Nd8 {[%emt 0:00:21]} 56. Rc8 {
[%emt 0:01:24]} Kf7 {[%emt 0:00:28]} 57. Rxg7+ {[%emt 0:01:22]} Ke6 {[%emt 0:
00:10]} 58. Rg8 {[%emt 0:01:12]} Rd3 {[%emt 0:00:47]} 59. Rgxd8 {[%emt 0:02:57]
} Rxc3 {[%emt 0:00:06]} 60. Rxc7 {[%emt 0:00:08]} Kxe5 {[%emt 0:00:08]} 61.
Re7+ {[%emt 0:01:11]} Kf5 {[%emt 0:00:39]} 62. Rf8+ {[%emt 0:00:21]} Kg4 {
[%emt 0:00:28]} 63. Rg7+ {[%emt 0:00:44]} Kh3 {[%emt 0:00:27]} 64. Rff7 {
[%emt 0:00:35]} Re6 {[%emt 0:00:08]} 65. Rg8 {[%emt 0:01:00]} Rh6 {[%emt 0:00:
13]} 66. Rf1 {[%emt 0:01:48]} Kh2 {[%emt 0:00:19]} 67. Rf2+ {[%emt 0:00:10]}
Kh1 {[%emt 0:00:49]} 68. Rd8 {[%emt 0:00:54]} Kg1 {[%emt 0:01:26]} 69. Rb2 {
[%emt 0:00:06]} Rc1 {[%emt 0:00:07]} 70. Ka5 {[%emt 0:00:09]} Kf1 {[%emt 0:01:
22]} 71. Kb6 {[%emt 0:00:07]} Ke1 {[%emt 0:00:30]} 72. Rd6 {[%emt 0:00:14]} Rh8
{[%emt 0:00:19]} 73. Kxc6 {[%emt 0:00:11]} Ra1 {[%emt 0:00:24]} 74. Kb5 {
[%emt 0:00:12]} Rb8+ {[%emt 0:00:30]} 75. Rb6 {[%emt 0:00:04]} Rh8 {[%emt 0:00:
19]} 76. Rg6 {[%emt 0:00:35]} Kf1 {[%emt 0:00:17]} 77. c6 {[%emt 0:00:31]} Rb8+
{[%emt 0:00:23]} 78. Kc5 {[%emt 0:00:45]} Rc1+ {[%emt 0:00:15]} 79. Kd6 {
[%emt 0:00:09]} Rb5 {[%emt 0:01:09]} 80. Kd7 {[%emt 0:01:28]} Rd5+ {[%emt 0:01:
01]} 81. Rd6 {[%emt 0:00:59]} Rh5 {[%emt 0:00:06]} 82. b5 {[%emt 0:01:06]} Rh7+
{[%emt 0:00:16]} 83. Kc8 {[%emt 0:00:02]} Rh8+ {[%emt 0:00:12]} 84. Kb7 {
[%emt 0:00:13]} Ke1 {[%emt 0:01:20]} 85. c7 {[%emt 0:00:10]} Rh7 {[%emt 0:00:
05]} 86. b6 {[%emt 0:00:05]} Rg7 {[%emt 0:00:38]} 87. Rh6 {[%emt 0:00:12]} 1-0

[Event "23rd ETCC Women 2021"]
[Site "Catez"]
[Date "2021.11.13"]
[Round "2.19"]
[White "Andric, Jelena"]
[Black "Balajayeva, Khanim"]
[Result "0-1"]
[WhiteElo "2041"]
[BlackElo "2369"]
[Annotator "NA"]
[PlyCount "80"]
[EventDate "2021.11.08"]
[EventType "team-tourn"]
[EventCountry "SLO"]
[SourceTitle "playchess.com"]
[Source "ChessBase"]
[SourceQuality "1"]
[WhiteTeam "Sweden"]
[BlackTeam "Azerbaijan"]
[WhiteTeamCountry "SWE"]
[BlackTeamCountry "AZE"]
[TimeControl "40/5400+30:1800+30"]

1. Nf3 {[%emt 0:00:20]} Nf6 {[%emt 0:00:28]} 2. g3 {[%emt 0:01:22]} d5 {
[%emt 0:01:39]} 3. c4 {[%emt 0:01:35]} e6 {[%emt 0:00:32]} 4. Bg2 {[%emt 0:00:
58]} dxc4 {[%emt 0:00:12]} 5. O-O {[%emt 0:11:59]} Nbd7 {[%emt 0:01:51]} 6. Qa4
{[%emt 0:05:45]} c5 {[%emt 0:04:57]} 7. Na3 {[%emt 0:08:15]} a6 {[%emt 0:05:30]
} 8. Ne5 {[%emt 0:21:12]} Qc7 {[%emt 0:03:39]} 9. Naxc4 {[%emt 0:08:07]} Rb8 {
[%emt 0:03:56]} 10. Nxd7 {[%emt 0:03:45]} Nxd7 {[%emt 0:03:02]} 11. Qa5 {
[%emt 0:02:59]} b6 {[%emt 0:04:08]} 12. Qc3 {[%emt 0:00:28]} b5 {[%emt 0:04:01]
} 13. Ne3 {[%emt 0:01:10]} Bb7 {[%emt 0:10:29]} 14. Bxb7 {[%emt 0:02:51]} Qxb7
{[%emt 0:04:07]} 15. f4 {[%emt 0:03:15]} h5 {[%emt 0:06:44]} 16. Ng2 {[%emt 0:
02:04]} Be7 {[%emt 0:01:32]} 17. Qf3 {[%emt 0:06:26]} Qxf3 {[%emt 0:04:36]} 18.
Rxf3 {[%emt 0:00:16]} Bf6 {[%emt 0:00:28]} 19. Rb1 {[%emt 0:02:09]} Ke7 {
[%emt 0:05:01]} 20. b3 {[%emt 0:01:16]} Nb6 {[%emt 0:03:10]} 21. f5 {[%emt 0:
01:34]} exf5 {[%emt 0:06:46]} 22. Rxf5 {[%emt 0:00:21]} g6 {[%emt 0:01:14]} 23.
Rxf6 {[%emt 0:01:14]} Kxf6 {[%emt 0:00:05]} 24. Bb2+ {[%emt 0:00:04]} Ke7 {
[%emt 0:01:00]} 25. Bxh8 {[%emt 0:00:03]} Rxh8 {[%emt 0:00:02]} 26. d3 {
[%emt 0:03:58]} Re8 {[%emt 0:05:06]} 27. Kf2 {[%emt 0:00:34]} Kd6 {[%emt 0:00:
35]} 28. Nf4 {[%emt 0:03:51]} a5 {[%emt 0:01:38]} 29. e3 {[%emt 0:03:13]} Re7 {
[%emt 0:05:01]} 30. Rc1 {[%emt 0:01:01]} a4 {[%emt 0:02:42]} 31. bxa4 {[%emt 0:
00:24]} Nxa4 {[%emt 0:00:26]} 32. Ne2 {[%emt 0:01:53]} Nb2 {[%emt 0:02:03]} 33.
Rb1 {[%emt 0:01:31]} Nxd3+ {[%emt 0:00:16]} 34. Kf3 {[%emt 0:00:09]} Kc6 {
[%emt 0:00:29]} 35. Nc3 {[%emt 0:00:40]} b4 {[%emt 0:00:36]} 36. Ne2 {[%emt 0:
00:53]} Ne5+ {[%emt 0:01:43]} 37. Kf4 {[%emt 0:00:34]} Nc4 {[%emt 0:00:22]} 38.
Rb3 {[%emt 0:00:24]} f6 {[%emt 0:01:30]} 39. h3 {[%emt 0:00:16]} Nd2 {[%emt 0:
00:15]} 40. g4 {[%emt 0:00:57]} Re4+ {[%emt 0:00:10]} 0-1

[Event "23rd ETCC Women 2021"]
[Site "Catez"]
[Date "2021.11.13"]
[Round "2.20"]
[White "Fataliyeva, Ulviyya"]
[Black "Zaritovskaja, Margarita"]
[Result "1-0"]
[WhiteElo "2309"]
[BlackElo "2040"]
[Annotator "NA"]
[PlyCount "91"]
[EventDate "2021.11.08"]
[EventType "team-tourn"]
[EventCountry "SLO"]
[SourceTitle "playchess.com"]
[Source "ChessBase"]
[SourceQuality "1"]
[WhiteTeam "Azerbaijan"]
[BlackTeam "Sweden"]
[WhiteTeamCountry "AZE"]
[BlackTeamCountry "SWE"]
[TimeControl "40/5400+30:1800+30"]

1. e4 {[%emt 0:00:08]} c5 {[%emt 0:00:07]} 2. Nf3 {[%emt 0:00:06]} d6 {[%emt 0:
00:07]} 3. c3 {[%emt 0:00:06]} Nf6 {[%emt 0:01:03]} 4. Bd3 {[%emt 0:00:07]} g6
{[%emt 0:02:55]} 5. O-O {[%emt 0:00:15]} Bg7 {[%emt 0:00:06]} 6. Bc2 {[%emt 0:
00:07]} O-O {[%emt 0:01:33]} 7. d4 {[%emt 0:00:04]} cxd4 {[%emt 0:02:11]} 8.
cxd4 {[%emt 0:00:30]} Nc6 {[%emt 0:00:55]} 9. Nc3 {[%emt 0:01:59]} Bg4 {
[%emt 0:05:44]} 10. Be3 {[%emt 0:02:49]} Nd7 {[%emt 0:05:23]} 11. Qd2 {[%emt 0:
10:58]} Nb6 {[%emt 0:04:49]} 12. Bb3 {[%emt 0:00:46]} Na5 {[%emt 0:04:12]} 13.
Qd3 {[%emt 0:04:21]} Nxb3 {[%emt 0:09:05]} 14. axb3 {[%emt 0:00:05]} Bxf3 {
[%emt 0:00:57]} 15. gxf3 {[%emt 0:00:05]} Qd7 {[%emt 0:03:06]} 16. Kg2 {
[%emt 0:03:17]} f5 {[%emt 0:09:41]} 17. h3 {[%emt 0:00:22]} f4 {[%emt 0:05:53]}
18. Bd2 {[%emt 0:00:41]} d5 {[%emt 0:08:06]} 19. e5 {[%emt 0:03:56]} Rf5 {
[%emt 0:04:42]} 20. h4 {[%emt 0:05:37]} a6 {[%emt 0:13:24]} 21. Rh1 {[%emt 0:
01:10]} Raf8 {[%emt 0:02:13]} 22. Rag1 {[%emt 0:05:32]} e6 {[%emt 0:03:18]} 23.
Kf1 {[%emt 0:00:49]} Qc7 {[%emt 0:06:25]} 24. Ne2 {[%emt 0:01:14]} Nd7 {
[%emt 0:02:02]} 25. h5 {[%emt 0:06:51]} gxh5 {[%emt 0:02:11]} 26. Rh4 {[%emt 0:
00:16]} Qd8 {[%emt 0:01:53]} 27. Rxf4 {[%emt 0:01:24]} Kh8 {[%emt 0:01:00]} 28.
Rxf5 {[%emt 0:00:19]} Rxf5 {[%emt 0:00:36]} 29. Ng3 {[%emt 0:03:42]} Rf7 {
[%emt 0:00:27]} 30. Nxh5 {[%emt 0:00:21]} Qh4 {[%emt 0:00:40]} 31. Ng3 {
[%emt 0:00:35]} Nf8 {[%emt 0:00:39]} 32. Rh1 {[%emt 0:01:02]} Qe7 {[%emt 0:00:
19]} 33. f4 {[%emt 0:01:28]} Kg8 {[%emt 0:00:35]} 34. f5 {[%emt 0:01:13]} exf5
{[%emt 0:00:13]} 35. Nxf5 {[%emt 0:00:07]} Qe6 {[%emt 0:00:47]} 36. Nd6 {
[%emt 0:02:21]} Rc7 {[%emt 0:00:40]} 37. f4 {[%emt 0:00:15]} Qg4 {[%emt 0:00:
24]} 38. Rg1 {[%emt 0:02:27]} Qd1+ {[%emt 0:00:32]} 39. Kf2 {[%emt 0:00:06]}
Qc2 {[%emt 0:00:32]} 40. Qxc2 {[%emt 0:02:11]} Rxc2 {[%emt 0:00:04]} 41. Ke2 {
[%emt 0:31:05]} Ne6 {[%emt 0:03:04]} 42. Kd3 {[%emt 0:00:00]} Nxd4 {[%emt 0:02:
27]} 43. Be3 {[%emt 0:00:00]} Nf3 {[%emt 0:07:06]} 44. Kxc2 {[%emt 0:00:00]}
Nxg1 {[%emt 0:00:06]} 45. Bxg1 {[%emt 0:00:00]} b5 {[%emt 0:01:25]} 46. Kd3 {
[%emt 0:00:00]} 1-0